| 000 | 00452nam a2200181 i 4500 | ||
|---|---|---|---|
| 001 | bg | ||
| 100 | 1 |
_aGórski, Eugeniusz _d(1924- ). |
|
| 245 | 1 | 0 |
_aFrezarstwo : _bpodręcznik technologii / _cEugeniusz Górski. |
| 250 | _aWyd. 7. | ||
| 260 |
_aWarszawa : _bPWSZ, _c1968. |
||
| 650 | 9 | _aFrezowanie | |
| 655 | _aPodręczniki | ||
| 040 | _cBPK | ||
| 041 | 0 | _apol | |
| 080 | _a621.91(07) | ||
| 942 | _cKS | ||
| 008 | s pl f |000 0 pol | ||
| 999 |
_c10636 _d10636 |
||
| 856 |
_uhttp://koha.tu.koszalin.pl/cgi-bin/koha/opac-detail.pl?biblionumber=10636 _yKatalog online BPK |
||